Introduction á l'étude des variétés kählèriennes

Salvato in:
Dettagli Bibliografici
Autore principale: Weil, Andre (Autore)
Natura: Libro
Lingua:francese
Pubblicazione: París Hermann 1971
Soggetti:
Tags: Aggiungi Tag
Nessun Tag, puoi essere il primo ad aggiungerne!!

MARC

LEADER 00000nam a2200000 a 4500
001 UCP2631
003 CL-VaPUC
008 990520e19710000FR |||||||||||||||||fre|d
082 0 4 |a 516.36  |b WEI  |2 21 
100 0 |a Weil, Andre  |e author  |9 429527 
245 1 0 |a Introduction á l'étude des variétés kählèriennes 
300 |a 175 p 
942 |c BK 
945 |d 19990520 00:00:00  |a crobeson 
260 |a París  |b Hermann  |c 1971 
650 0 |a Variedades diferenciales  |9 270032 
650 0 |a Geometría diferencial   |9 315147 
650 0 |a Variedades complejas  |9 429511 
583 |a last modification  |c 19990520 00:00:00  |k Rodrigo Vera 
999 |c 281142  |d 281140 
952 |0 0  |1 0  |4 0  |6 516_360000000000000_WEI_1971  |7 0  |8 A  |9 321810  |a BIBMAT  |b BIBMAT  |d 2019-11-20  |i 1346350  |o 516.36 WEI 1971  |p 1346350  |r 2025-01-07  |w 2019-11-20  |y BK  |k MAT